000
00268nam a2200121Ia 4500
008
190216s9999||||xx |||||||||||||| ||und||
100
_a
Sood K P
245
0
_a
Cytogenetics And Evolution
260
_b
Oxford & I B H
300
_a
377p
650
_a
Botany
942
_c
BK
999
_c
1332
_d
1332